The Global Professional and Ethical Standards (Record no. 121771)
[ view plain ]
| 000 -LEADER | |
|---|---|
| fixed length control field | 00722cam a22001935a 4500 |
| 001 - CONTROL NUMBER | |
| control field | 121393 |
| 008 - FIXED-LENGTH DATA ELEMENTS--GENERAL INFORMATION | |
| fixed length control field | 240116s2015 xxk fo 001 0 eng d |
| 041 0# - LANGUAGE CODE | |
| Language code of text/sound track or separate title | eng |
| 110 2# - MAIN ENTRY--CORPORATE NAME | |
| Corporate author | Royal Institution of Chartered Surveyors |
| 245 00 - TITLE STATEMENT | |
| Title | The Global Professional and Ethical Standards |
| Statement of responsibility, etc | [archived] |
| 260 ## - PUBLICATION INFORMATION | |
| Place of publication | London, |
| Publisher | RICS, |
| Date | 9 April 2015 |
| 300 ## - PHYSICAL DESCRIPTION | |
| Physical description | 5p |
| 490 ## - SERIES TITLE | |
| Series statement | RICS Regulation |
| 520 ## - ABSTRACT | |
| Abstract | Superseded on 2 February 2022 by the Rules of Conduct |
| 610 #0 - SUBJECT ADDED ENTRY--CORPORATE NAME | |
| 9 (RLIN) | 4900 |
| Corporate name or jurisdiction name as entry element | Royal Institution of Chartered Surveyors |
| 651 #4 - SUBJECT ADDED ENTRY--GEOGRAPHIC NAME | |
| Geographic name | International |
| 856 41 - ONLINE RESOURCE | |
| Uniform Resource Identifier | <a href="https://www.rics.org/content/dam/ricsglobal/documents/regulation/archived_global_professional_and_ethical_standards.pdf">https://www.rics.org/content/dam/ricsglobal/documents/regulation/archived_global_professional_and_ethical_standards.pdf</a> |
| Public note | Available on RICS.org |
| 942 ## - ADDED ENTRY ELEMENTS (KOHA) | |
| Suppress in OPAC | Do not suppress in OPAC |
| Lost status | Damaged status | Not for loan | Home library | Current library | Shelving location | Date acquired | Total Checkouts | Date last seen | Price effective from | Koha item type |
|---|---|---|---|---|---|---|---|---|---|---|
| Virtual | Virtual | Online | 16/01/2024 | 16/01/2024 | 16/01/2024 | Online material |